00252nam a2200097 a 450000500170000000800410001705000170005810000180007524500240009326000370011720140414131913.0101014s19uu xx 00 eng d aERbOn2 1991 aHarris, Trudy a100 Days of school. bScholastic ,aNew York :c1991.